Gaming Quiz

Random Gaming or Pokémon Quiz

Pokémon Types Quiz Stats

 Plays Quiz Updated Mar 19, 2020

     
Support Sporcle.
Go Orange.
Score 0/18 Timer 02:00
98 Plays Today
% Correct
Water
98.7%
Fire
98.5%
Grass
92.6%
Electric
87.4%
Normal
86%
Rock
85%
Fairy
84%
Ground
83.2%
Flying
82.9%
% Correct
Dark
81.8%
Ice
79.8%
Dragon
78.5%
Psychic
78.3%
Ghost
77.8%
Steel
77.8%
Fighting
77%
Poison
73.8%
Bug
73.6%

From the Vault

NCAA Tournament Teams Without a Final Four

by SporcleEXP

Sports 4m
For these teams, there's always next year.
Remove Ads.
Support Sporcle.
Get the best of Sporcle when you Go Orange. This ad-free experience offers more features, more stats, and more fun while also helping to support Sporcle. Thank you for becoming a member.

Show Comments

Extras

Top Quizzes Today


Score Distribution

Your Account Isn't Verified!

In order to create a playlist on Sporcle, you need to verify the email address you used during registration. Go to your Sporcle Settings to finish the process.

Report this User

Report this user for behavior that violates our Community Guidelines.

Details: